000 00528nam a2200193Ia 4500
005 20250508152830.0
008 008 250505s9999 xx 000 0 eng d
037 _aTextual
040 _aFEDL
_beng
_cFEDL
041 _aeng
_2eng
084 _a629.2, ABB
_qFEDL
100 _aAbbey Station Ed.
_9762522
245 0 _aPractical automobile engineering
250 _a4th
260 _aBombay, India
_bAsia Publishing House
_c1959
300 _a512p.
942 _cTEXL
_h629.2, ABB
999 _c1339047
_d1339047